Municipalities and Villages of Plaines Wilhems With a Map - Statistics

General Stats
  • This quiz has been taken 48 times
  • The average score is 5 of 8
Answers on the Map
Answers color-coded by a green-red scale on the quiz's map according to % correct below.
 
Answer Stats
Type Answer % Correct
Village Midlands
78%
Municipality Vacoas-Phoenix
78%
Municipality Beau Bassin-Rose Hill
67%
Village Moka
67%
Village Cascavelle
56%
Municipality Curepipe
56%
Municipality Quatre Bornes
44%
Village Seizieme Mille
33%
No matching quizzes found
Score Distribution
Percent of People with Each Score
Percentile by Number Answered
Your Score History
You have not taken this quiz